Guess the Rock Type (Sedimentary) - Statistics

General Stats
  • This quiz has been taken 39 times
  • The average score is 5 of 10
Answer Stats
Picture Answer % Correct
Coal
89%
Limestone
67%
Sandstone
67%
Shale
67%
Conglomerate
56%
Gypsum
56%
Chert
44%
Siltstone
44%
Dolomite
22%
Travertine
11%
No matching quizzes found
Score Distribution
Percent of People with Each Score
Percentile by Number Answered
Your Score History
You have not taken this quiz